1807 1512 1092 1936 1671 1927 1241 1490 1004 1706 1517 1016 1533 1170 1159 1917 1397 1596 1481 1515 1139 1074 1499 1217 1054 1398 1266 1351 1318 1501 1517 1444 1846 1405 1571 1479 1361 1090 1118 1364 1231 1745 1177 1295 1617 1974 1214 1049 1456 1387 1373 1738 1420 1596 1136 1712 1722 1865 1553 1394 1958 1305 1784 1232 1808 1267 1485 1917 1834 1444 1472 1337 1613 1092 1362 1337 1855 1491 1996 1879 1342 1986 1151 1732 1415 1955 1331 1080 1494 1110 1661 1176 1089 1153 1390 1890 1178 1560 1778 BCNSPRNW ULIB Ver.6.0+V

เปลี่ยนเป็นภาษาไทย

Change to English
 แสดงรายละเอียดบรรณานุกรม
  กลับหน้าหลัก

Brief Record : Get Marc (ISO 2709) : E-mail record : QR code < ปิดหน้าต่าง
LEADER : 00000nam 2200000uu 4500
001    13399115131
003     ULIB
008    120711s2550||||th 000 0 tha d
020    ^a9789748290348
090    ^aนว.^bว617พ 2550
100 0  ^awindy
245 00 ^aพลิกแผนแสบนายแบบที่นาย/^cwindy
250    ^aพิมพ์ครั้งที่ 1
260    ^aกรุงเทพฯ :^bLove berry book,^c2550
945    ^p0^l0^i14458
995    ^aกัณชพร
999    ^aใช้งานได้ทุกระบบ
รายการนี้ยังไม่มีแท็ก
คุณยังไม่ได้ล็อกอิน คุณสามารถมีกิจกรรมร่วมกับเว็บไซต์ได้ แต่ต้องล็อกอินก่อน ::
  ล็อกอิน

รายการสื่อสารสนเทศ

ลำดับที่ ประเภท เลขเรียก/บาร์โค้ด สถานที่ สถานะ
1. นวนิยาย
นวนิยาย
นว. ว617พ 2550  
  Barcode: 14458
ห้องสมุดวิทยาเขตสวรรค์ประชารักษ์
►นวนิยาย
บนชั้น
  ขอยืม

BibComment


ยังไม่เคยถูกคอมเมนท์

คอมเมนท์ทรัพยากรรายการนี้
  คอมเมนท์: พลิกแผนแสบนายแบบ..


 Copyright 2026. Bcnsprnw @Library